Mapinha - Statistics

Estatísticas Gerais
  • Esse quiz foi jogado 35 vezes
  • A pontuação média é 27 de 50
Respostas no mapa
Respostas codificadas por cores de uma escala verde-vermelha no mapa do quiz de acordo com a % correta abaixo.
 
Estatísticas das Respostas
País % Correto
Brasil
97%
Canadá
91%
Argentina
88%
México
88%
Chile
85%
Rússia
85%
China
82%
Venezuela
82%
EUA
79%
Índia
79%
Austrália
76%
África do Sul
73%
Itália
70%
Reino Unido
67%
Egito
64%
Irlanda
61%
Angola
58%
Arábia Saudita
58%
Áustria
58%
Irã
58%
Nova Zelândia
58%
Camarões
55%
Jamaica
52%
Armênia
48%
Tailândia
48%
Azerbaijão
45%
Chade
45%
Holanda
45%
Mianmar
45%
Moçambique
45%
Fiji
42%
Quênia
42%
Zimbábue
42%
Comores
39%
Djibuti
39%
Kuwait
39%
Lesoto
39%
Luxemburgo
39%
Maurício
39%
Namíbia
39%
Palau
39%
Uganda
39%
Zâmbia
39%
Essuatíni
36%
Kiribati
36%
Liechtenstein
36%
Tanzânia
36%
Vietnã
36%
Centro-Africana
30%
Seicheles
24%
Nenhum quiz correspondente encontrado
Distribuição das Pontuações
Porcentagem de Pessoas com Cada Pontuação
Percentil de Números Respondidos
Sua Pontuação Histórica
Você não jogou esse quiz